<?xml version="1.0" encoding="UTF-8"?>
<collection xmlns="http://www.loc.gov/MARC21/slim">
 <record>
  <leader>01462nam a2200229   4500</leader>
  <controlfield tag="001">NCT_111150</controlfield>
  <controlfield tag="008">170928b        xxu||||| |||| 00| 0 vie d</controlfield>
  <datafield tag="999" ind1=" " ind2=" ">
   <subfield code="c">5648</subfield>
   <subfield code="d">5648</subfield>
  </datafield>
  <datafield tag="022" ind1=" " ind2=" ">
   <subfield code="a">0866-7861</subfield>
  </datafield>
  <datafield tag="082" ind1="0" ind2="4">
   <subfield code="2">23rd ed.</subfield>
   <subfield code="a">615</subfield>
   <subfield code="b">T109C</subfield>
  </datafield>
  <datafield tag="245" ind1="1" ind2="0">
   <subfield code="a">Tạp chí Dược học</subfield>
   <subfield code="n">Số 517</subfield>
   <subfield code="c">Bộ Y tế</subfield>
  </datafield>
  <datafield tag="260" ind1=" " ind2=" ">
   <subfield code="a">Hà Nội</subfield>
   <subfield code="b">Bộ Y tế</subfield>
   <subfield code="c">2019</subfield>
  </datafield>
  <datafield tag="300" ind1=" " ind2=" ">
   <subfield code="c">27cm</subfield>
  </datafield>
  <datafield tag="310" ind1=" " ind2=" ">
   <subfield code="a">Tháng 1 kỳ</subfield>
  </datafield>
  <datafield tag="362" ind1=" " ind2=" ">
   <subfield code="a">05/2019</subfield>
  </datafield>
  <datafield tag="500" ind1=" " ind2=" ">
   <subfield code="a">Từ 1962-1973 tên: Tập san Dược học. Từ 1974 đến nay tên: Tạp chí Dược học</subfield>
  </datafield>
  <datafield tag="520" ind1="3" ind2=" ">
   <subfield code="a">Trong số này có các bài nghiên cứu tổng quan về phương pháp chuyển gen trị liệu bệnh ung thư; Nghiên cứu xây dựng mô hình QSAR nhị phân và Pharmacophore trên các chất ức chế cytochrom P450 CYP 2D6; Nghiên cứu khả năng gắn kết và tương tác của các hợp chất tự nhiên trên một số thụ thể kháng sốt rét; Đánh giá hiệu quả can thiệp của chương trình quản lý kháng sinh với fosfomycin truyền tĩnh mạch tại Bệnh viện Thanh Nhàn</subfield>
  </datafield>
  <datafield tag="653" ind1=" " ind2=" ">
   <subfield code="a">Dược học</subfield>
  </datafield>
  <datafield tag="655" ind1=" " ind2=" ">
   <subfield code="a">Tạp chí</subfield>
  </datafield>
  <datafield tag="942" ind1=" " ind2=" ">
   <subfield code="2">ddc</subfield>
   <subfield code="c">CR</subfield>
  </datafield>
  <datafield tag="952" ind1=" " ind2=" ">
   <subfield code="0">0</subfield>
   <subfield code="1">0</subfield>
   <subfield code="2">ddc</subfield>
   <subfield code="4">0</subfield>
   <subfield code="6">615_000000000000000_T109C</subfield>
   <subfield code="7">0</subfield>
   <subfield code="9">23145</subfield>
   <subfield code="a">000001</subfield>
   <subfield code="b">000001</subfield>
   <subfield code="d">2022-04-13</subfield>
   <subfield code="o">615 T109C</subfield>
   <subfield code="r">2022-04-13</subfield>
   <subfield code="w">2022-04-13</subfield>
   <subfield code="y">CR</subfield>
  </datafield>
  <datafield tag="980" ind1=" " ind2=" ">
   <subfield code="a">Thư viện Trường Đại học Nam Cần Thơ</subfield>
  </datafield>
 </record>
</collection>
